Head First Design Patterns / (Record no. 16641)
[ view plain ]
| 000 -LEADER | |
|---|---|
| fixed length control field | 01976cam a2200445 a 4500 |
| 001 - CONTROL NUMBER | |
| control field | 15875511 |
| 005 - DATE AND TIME OF LATEST TRANSACTION | |
| control field | 20131203095502.0 |
| 008 - FIXED-LENGTH DATA ELEMENTS--GENERAL INFORMATION | |
| fixed length control field | 090820t2009 cc a 001 0 eng d |
| 010 ## - LIBRARY OF CONGRESS CONTROL NUMBER | |
| LC control number | 2009502158 |
| 020 ## - INTERNATIONAL STANDARD BOOK NUMBER | |
| International Standard Book Number | 0596007124 (pbk.) |
| 020 ## - INTERNATIONAL STANDARD BOOK NUMBER | |
| International Standard Book Number | 9780596007126 (pbk.) |
| 035 ## - SYSTEM CONTROL NUMBER | |
| System control number | (OCoLC)ocn297170680 |
| 040 ## - CATALOGING SOURCE | |
| Original cataloging agency | VPW |
| Transcribing agency | VPW |
| Modifying agency | BWX |
| -- | OCLCQ |
| -- | IXA |
| -- | SINLB |
| -- | DLC |
| 042 ## - AUTHENTICATION CODE | |
| Authentication code | lccopycat |
| 050 00 - LIBRARY OF CONGRESS CALL NUMBER | |
| Classification number | TK5105.888 |
| Item number | .W3655 2009 |
| 082 04 - DEWEY DECIMAL CLASSIFICATION NUMBER | |
| Classification number | 006.7 |
| Edition number | 22 |
| Item number | WAT |
| 100 1# - MAIN ENTRY--PERSONAL NAME | |
| Personal name | Freeman, Eric |
| 9 (RLIN) | 29625 |
| 245 10 - TITLE STATEMENT | |
| Title | Head First Design Patterns / |
| Statement of responsibility, etc | Eric Freeman, Elisabeth Freeman, with Kathy Sierra, Bert Bates |
| 260 ## - PUBLICATION, DISTRIBUTION, ETC. (IMPRINT) | |
| Place of publication, distribution, etc | Beijing ; |
| -- | Cambridge : |
| Name of publisher, distributor, etc | O'Reilly, |
| Date of publication, distribution, etc | c.2004 |
| 300 ## - PHYSICAL DESCRIPTION | |
| Extent | xxxvi, 637 p. : |
| Other physical details | ill. (chiefly col.) ; |
| Dimensions | 24 cm. |
| 490 1# - Series Statement | |
| Series statement | Head first series |
| -- | 29616 |
| 500 ## - GENERAL NOTE | |
| General note | "A brain-friendly guide"--Cover. |
| 500 ## - GENERAL NOTE | |
| General note | Includes index. |
| 520 ## - SUMMARY, ETC. | |
| Summary, etc | Whether you are building a personal blog or a corporate website, there is a lot more to web design than div's and CSS selectors, but what do you really need to know? With this book, you'll learn the secrets of designing effective, user-friendly sites, from customer requirements to hand-drawn storyboards all the way to finished HTML and CSS creations that offer an unforgettable online presence. |
| 541 ## - IMMEDIATE SOURCE OF ACQUISITION NOTE | |
| Source of acquisition | Dr. Hani Ghali ; |
| 650 #0 - SUBJECT ADDED ENTRY--TOPICAL TERM | |
| Topical term or geographic name as entry element | Web site development. |
| 9 (RLIN) | 29617 |
| 650 #0 - SUBJECT ADDED ENTRY--TOPICAL TERM | |
| Topical term or geographic name as entry element | Web sites |
| General subdivision | Design. |
| 9 (RLIN) | 29618 |
| 650 #0 - SUBJECT ADDED ENTRY--TOPICAL TERM | |
| Topical term or geographic name as entry element | Web publishing. |
| 9 (RLIN) | 29619 |
| 650 #0 - SUBJECT ADDED ENTRY--TOPICAL TERM | |
| Topical term or geographic name as entry element | HTML (Document markup language) |
| 9 (RLIN) | 29620 |
| 650 #0 - SUBJECT ADDED ENTRY--TOPICAL TERM | |
| Topical term or geographic name as entry element | XHTML (Document markup language) |
| 9 (RLIN) | 29621 |
| 650 #0 - SUBJECT ADDED ENTRY--TOPICAL TERM | |
| Topical term or geographic name as entry element | Internet programming. |
| 9 (RLIN) | 29622 |
| 653 ## - INDEX TERM--UNCONTROLLED | |
| Resource For college | |
| Arrived date list | April2012 |
| 655 ## - INDEX TERM--GENRE/FORM | |
| Form subdivision | |
| -- | 33728 |
| 700 1# - ADDED ENTRY--PERSONAL NAME | |
| Personal name | Freeman, Elisabeth |
| 9 (RLIN) | 29626 |
| 700 1# - ADDED ENTRY--PERSONAL NAME | |
| Personal name | Sierra, Kathy |
| 9 (RLIN) | 29627 |
| 700 1# - ADDED ENTRY--PERSONAL NAME | |
| Personal name | Bates, Bert. |
| 9 (RLIN) | 29628 |
| 830 #0 - SERIES ADDED ENTRY--UNIFORM TITLE | |
| Uniform title | Head first series. |
| 9 (RLIN) | 29624 |
| 942 ## - ADDED ENTRY ELEMENTS (KOHA) | |
| Source of classification or shelving scheme | Dewey Decimal Classification |
| Item type | Book - Borrowing |
| Call number prefix | 006.7 WAT |
| Withdrawn status | Item status | Source of classification or shelving scheme | Damaged status | Not for loan | Vendor | Home library | Current library | Shelving location | Date acquired | Source of acquisition | Total Checkouts | Total Renewals | Full call number | Barcode | Date last seen | Date last borrowed | Koha item type | Materials specified (bound volume or other part) | Cost, normal purchase price | Cost, replacement price |
|---|---|---|---|---|---|---|---|---|---|---|---|---|---|---|---|---|---|---|---|---|
| Dewey Decimal Classification | Central Library | Central Library | Lower Floor | 10/04/2012 | Donation | 9 | 95 | 006.7 WAT | 000026578 | 15/07/2025 | 20/10/2019 | Book - Borrowing | ||||||||
| Lost | Dewey Decimal Classification | Baccah | Central Library | Central Library | Lower Floor | 01/12/2013 | 006.7 WAT | 000029838 | 01/12/2013 | Book - Borrowing | Lost In Inventory_2015-8-23 | |||||||||
| Dewey Decimal Classification | Baccah | Central Library | Central Library | Lower Floor | 02/12/2013 | 7 | 104 | 006.7 WAT | 000029641 | 15/07/2025 | 18/08/2020 | Book - Borrowing | 640.00 | 800.00 | ||||||
| Dewey Decimal Classification | Baccah | Central Library | Central Library | Lower Floor | 02/12/2013 | 006.7 WAT | 000029642 | 15/07/2025 | NB - Book (Non borrowing) | |||||||||||
| Lost | Dewey Decimal Classification | Baccah | Central Library | Central Library | Lower Floor | 05/02/2014 | 006.7 WAT | 000029638 | 05/02/2014 | Book - Borrowing | Lost In Inventory_2015-8-23 |